000 01108nam a2200289 i 4500
001 13068
003 ES-MaACL
005 20230906150502.0
007 t|
008 960829s1996 sp ||||0| spa j
020 _a84-88986-24-6
040 _aM-BN
_bspa
_cM-BN
080 _a616.89-085.86
100 1 _aMedina Fernández, María Cristina.
_979736
245 1 0 _aAutismo
_b: hacia la recuperación afectivo-social a través de terapia asistida por animales /
_cMaria Cristina Medina Fernandez, Carlos Vazquez Bejarano, Maria Teresa Mansilla Romero.
250 _a1ª ed.
260 _aMadrid :
_bInstituto Nacional de Servicios Sociales,
_c1995 i.e. 1996.
300 _a140 p. :
_bil. col. ;
_c22 cm.
490 1 _aColección Rehabilitación ;
_v47
650 1 4 _aAutismo-
_xTratamiento.
_910419
700 1 _aVázquez Bejarano, Carlos.
_9113397
700 1 _aMansilla Romero, María Teresa.
_976127
710 2 _aInstituto Nacional de Servicios Sociales (España)
_95189
830 0 _aColección Rehabilitación ;
_v47
_9179226
852 _aES-MaACL
_jL-20359
_bR.125098
999 _c13068
_d13068